| 000 | 00417cam a2200181ua 4500 | ||
|---|---|---|---|
| 020 | _cRs 3.00 | ||
| 041 |
_ahin _h |
||
| 082 |
_a891.54 _bAJN/JA |
||
| 100 | _aAjnyeya, . | ||
| 245 |
_aJaya dole / _cAjnyeya. _hTextual Documents |
||
| 250 |
_a3 / _b. |
||
| 260 |
_aKashi : _bBharatiya Jnanpeeth , _c1962. |
||
| 300 | _a155 ; . | ||
| 365 | _aRs 3.00 | ||
| 504 | _a | ||
| 942 | _cBK | ||
| 999 |
_c3616 _d3616 |
||